| 000 | 00683nas a2200253 4500 | ||
|---|---|---|---|
| 001 | BR9404568 | ||
| 003 | BR-BrBNA | ||
| 005 | 20231205093702.0 | ||
| 007 | ta | ||
| 008 | 230509b bl.|||p| |||| 00| 00por d | ||
| 040 |
_aBR-BrBNA _bpor _cBiblioteca Nacional de Agricultura |
||
| 041 | _a(Pt) | ||
| 072 | _aL01; N10 | ||
| 100 | 1 | _aAnon. | |
| 245 | 1 | _aGaiola e galpao para vigiar cabras | |
| 650 | _aCabra | ||
| 650 | _aGaiola | ||
| 650 | _aGalpao | ||
| 650 | _aConfinamento | ||
| 650 | _aInstalacao Agricola | ||
| 773 | 0 |
_tGlobo Rural (Brazil) _xISSN 0102-6178 _g(Dec 1986), v. 2(15) p. 85-94 _wBR9404568 |
|
| 909 |
_a202311 _bLúcia _c55 _dLúcia Elande |
||
| 942 |
_2AGRIS _n0 _cANA |
||
| 999 |
_c139867 _d139867 |
||